| 000 | 00457nam a2200193Ia 4500 | ||
|---|---|---|---|
| 005 | 20241120024826.0 | ||
| 008 | 240331s9999 xx 000 0 und d | ||
| 020 | _a9551132009 | ||
| 082 |
_bSIV _a894 |
||
| 100 | _aSivathamby,K | ||
| 245 | 0 | _aBeing a Tamil and Sri Lankan | |
| 260 |
_aColombo _bAivakam _c2005 |
||
| 300 | _aXXIV, 325 P ., | ||
| 650 | _aSocial | ||
| 650 | _aCultural | ||
| 650 | _aEconomics | ||
| 650 | _aPolitical Culture | ||
| 942 | _cL | ||
| 999 |
_c5378 _d5378 |
||